| 000 | 00321nam a22001097a 4500 | ||
|---|---|---|---|
| 999 |
_c15225 _d15225 |
||
| 008 | 200306b ||||| |||| 00| 0 eng d | ||
| 245 | _aNow licensed engrs 2 OWWA scholars. | ||
| 260 |
_aDavao City, Philippines; _bSunstar Davao, _c©2019. |
||
| 300 |
_apage 9; _c29.5cm. |
||
| 650 |
_aScholarships. _942012 |
||
| 942 |
_2ddc _cPER |
||